Manual of Industrial microbiology and biotechnology (Record no. 14531)

MARC details
000 -LEADER
fixed length control field 00512nam a2200181Ia 4500
008 - FIXED-LENGTH DATA ELEMENTS--GENERAL INFORMATION
fixed length control field 230917s9999||||xx |||||||||||||| ||und||
020 ## - ISBN
Price RS2995
040 ## - CATALOGING SOURCE
-- 224336
Original cataloging agency VIVEKANANDA LIBRARY
041 ## - Language
-- English
082 ## - DDC NUMBER
Classification number 660.6024576 B218M(2)
100 ## - MAIN ENTRY--PERSONAL NAME
Personal name Demain, Arnold L, ed.
245 #0 - TITLE STATEMENT
Title Manual of Industrial microbiology and biotechnology
250 ## - EDITION STATEMENT
Edition statement 2nd ed.
260 ## - PUBLICATION, DISTRIBUTION, ETC. (IMPRINT)
Place of publication, distribution, etc Washington, DC
Name of publisher, distributor, etc ASM Press
Date of publication, distribution, etc 2004
300 ## - PHYSICAL DESCRIPTION
Pages xv, 830 p.
500 ## - GENERAL NOTE
General note 1936 05/02/2015 PBD16/11674 08/11/2016 Main Budget
942 ## - ADDED ENTRY ELEMENTS (KOHA)
Koha item type Books
Holdings
Withdrawn status Lost status Damaged status Not for loan Location (home branch) Sublocation or collection (holding branch) Date acquired Koha issues (times borrowed) Koha full call number Accession No. Koha date last seen Koha item type
        VIVEKANANDA LIBRARY VIVEKANANDA LIBRARY 04/01/2017   660.6024576 B218M(2) 359403 17/09/2023 Books
© Designed and Maintained by Vivekananda Library, MDU Rohtak